Statistics for Holy Roman Empire Countries

Click here to take the quiz!

General Stats

  • This quiz has been taken 19,248 times
    (16,040 since last reset)
  • The average score is 14 of 16

Answer Stats

Country % Correct
Italy
98%
France
97%
Germany
97%
Austria
95%
Belgium
92%
Netherlands
90%
Poland
90%
Switzerland
90%
Luxembourg
88%
Czech Republic
86%
Liechtenstein
85%
Slovenia
85%
Vatican City
81%
Croatia
80%
San Marino
80%
Monaco
76%

Score Distribution

Percentile by Number Answered

Percent of People with Each Score

Your Score History

You have not taken this quiz since the last reset